[Event "20th EUR-ch"]
[Site "Skopje MKD"]
[Date "2019.03.25"]
[Round "7"]
[White "Tate, Alan"]
[Black "Risteski, Emil"]
[Result "1-0"]
[WhiteElo "2306"]
[BlackElo "2132"]
[EventDate "2019.03.18"]
[Board "147"]
[PlyCount "72"]

1.d4 Nf6 2.c4 g6 3.g3 Bg7 4.Bg2 O-O 5.Nf3 d6 6.O-O Nc6 7.Nc3 a6 8.Qd3 e5 
9.dxe5 dxe5 10.Qxd8 Rxd8 11.Bg5 Be6 12.Nd2 h6 13.Bxf6 Bxf6 14.Nde4 Be7 15.
Nd5 Bxd5 16.cxd5 Nb4 17.Nc3 c6 18.dxc6 Nxc6 19.Nd5 Bf8 20.Nb6 Rab8 21.Bxc6
bxc6 22.Nc4 Rd5 23.Rfc1 Rb4 24.Rc2 e4 25.Rac1 Rdb5 26.b3 c5 27.e3 Rb7 28.
Rd1 Ra7 29.Rd8 Kg7 30.Rc8 Rbb7 31.Kf1 Rc7 32.Rxc7 Rxc7 33.Ke2 Kf6 34.Nb6 
Ke6 35.Rc4 f5 36.Rc1 Ra7 {70....} 1-0

[Event "20th EUR-ch"]
[Site "Skopje MKD"]
[Date "2019.03.25"]
[Round "7"]
[White "Petkov, Momchil"]
[Black "Mihov, Filip"]
[Result "1-0"]
[WhiteElo "2296"]
[BlackElo "2152"]
[EventDate "2019.03.18"]
[Board "148"]
[PlyCount "101"]

1.e4 e6 2.d4 d5 3.Nd2 Nc6 4.Ngf3 Nf6 5.e5 Nd7 6.Be2 Be7 7.Nf1 O-O 8.Ne3 f6
9.exf6 Nxf6 10.O-O Bd6 11.c4 b6 12.b3 Bb7 13.Bb2 Ne7 14.Bd3 Qe8 15.Ne5 c5 
16.Qe2 Nc6 17.Nxc6 Bxc6 18.f4 Ne4 19.Qg4 h5 20.Qh4 Qg6 21.Rae1 Rae8 22.Nc2
Qh6 23.Bc1 Qg6 24.Be3 Qf5 25.Rd1 Be7 26.Qe1 Qg4 27.Be2 Qg6 28.Bf3 Bd6 29.
Qh4 Nf6 30.Qf2 Ne4 31.Qh4 Nf6 32.Rd2 Ng4 33.g3 Nxe3 34.Nxe3 Bxf4 35.Re2 
Qd3 36.gxf4 dxc4 37.Rd1 Bxf3 38.Rxd3 cxd3 39.Rd2 cxd4 40.Nc4 Bg4 41.Ne5 
Rxf4 42.h3 Re4 43.hxg4 Rxe5 44.Rxd3 hxg4 45.Rxd4 Rd5 46.Qxg4 Rxd4 47.Qxd4 
e5 48.Qd7 Kf8 49.Qxa7 Re6 50.Kf2 e4 51.Ke3 1-0

[Event "20th EUR-ch"]
[Site "Skopje MKD"]
[Date "2019.03.25"]
[Round "7"]
[White "Chittka, Julius"]
[Black "Efremov, Vladislav"]
[Result "0-1"]
[WhiteElo "2288"]
[BlackElo "2115"]
[EventDate "2019.03.18"]
[Board "149"]
[PlyCount "51"]

1.Nf3 Nf6 2.b3 e6 3.Bb2 c5 4.e3 Nc6 5.d4 d5 6.Bd3 b6 7.O-O Bb7 8.Nbd2 Bd6 
9.Ne5 O-O 10.a3 Ne7 11.Qf3 Qc7 12.Qh3 Ng6 13.Nxg6 hxg6 14.Nf3 c4 15.Be2 c3
16.Bc1 Ne4 17.Bd3 Qe7 18.a4 Rfe8 19.a5 Bc6 20.Qg4 f5 21.Qh3 Kf7 22.Bxe4 
dxe4 23.Ne5+ Bxe5 24.dxe5 b5 25.Ra2 Qc7 26.Qg3 0-1

[Event "20th EUR-ch"]
[Site "Skopje MKD"]
[Date "2019.03.25"]
[Round "7"]
[White "Antova, Gabriela"]
[Black "Ivankovic, Ivo"]
[Result "1-0"]
[WhiteElo "2286"]
[BlackElo "2109"]
[EventDate "2019.03.18"]
[Board "150"]
[PlyCount "63"]

1.d4 d5 2.c4 c6 3.Nf3 Nf6 4.Nc3 e6 5.e3 Bd6 6.Qc2 Nbd7 7.Bd3 Qe7 8.O-O O-O
9.c5 Bc7 10.e4 dxe4 11.Nxe4 Nxe4 12.Bxe4 h6 13.Re1 Nf6 14.Bd3 Nd5 15.Bd2 
a5 16.a3 a4 17.Ne5 Bd7 18.Qd1 Rfb8 19.Qg4 Kf8 20.f4 Nf6 21.Qh3 Qd8 22.Rad1
Bc8 23.Be3 b5 24.f5 Qd5 25.fxe6 Qxe6 26.Bf5 Qb3 27.Rd3 Qxb2 28.Bxh6 Ng8 
29.Bxg7+ Kxg7 30.Rg3+ Kf8 31.Rxg8+ Kxg8 32.Qh7+ 1-0

[Event "20th EUR-ch"]
[Site "Skopje MKD"]
[Date "2019.03.25"]
[Round "7"]
[White "De Seroux, Camille"]
[Black "Ibanez Aullana, Ramon"]
[Result "0-1"]
[WhiteElo "2160"]
[BlackElo "2283"]
[EventDate "2019.03.18"]
[Board "151"]
[PlyCount "66"]

1.e4 g6 2.d4 Bg7 3.Nc3 a6 ( 3...c6 4.f4 d5 5.e5 h5 6.Be3 Nh6 7.Qd2 O-O 8.
Nf3 Bg4 9.Be2 e6 ) 4.f4 d5 5.e5 h5 6.Be3 Nh6 7.Qd2 Nc6 8.Nf3 Bg4 9.Be2 e6 
10.Ng5 Bf8 11.Bxg4 hxg4 12.h3 Nf5 13.Ne2 Nb4 14.O-O-O g3 15.Kb1 b6 16.Rhf1
c5 17.Rf3 Nc6 18.dxc5 bxc5 19.Nxg3 Ncd4 20.Bxd4 Nxd4 21.Re3 Rb8 22.Ne2 Nc6
23.Ka1 Na5 24.b3 Nc6 25.g4 Be7 26.c4 d4 27.Re4 Bxg5 28.fxg5 Rxh3 29.Rf1 
Rb7 30.Nc1 a5 31.Qg2 Rh7 32.Rh1 Rxh1 33.Qxh1 Qxg5 0-1

[Event "20th EUR-ch"]
[Site "Skopje MKD"]
[Date "2019.03.25"]
[Round "7"]
[White "Sokolovsky, Yahli"]
[Black "Trajkovski, Mile"]
[Result "1-0"]
[WhiteElo "2278"]
[BlackElo "2105"]
[EventDate "2019.03.18"]
[Board "152"]
[PlyCount "99"]

1.e4 e5 2.Nf3 Nc6 3.Bb5 Nf6 4.d3 Ne7 5.Nc3 c6 6.Bc4 d6 7.Qe2 h6 8.Bb3 a5 
9.a4 Ng6 10.Be3 Be7 11.h3 Be6 12.Bxe6 fxe6 13.d4 O-O 14.Rd1 Qc8 15.dxe5 
dxe5 16.O-O Bb4 17.Nd2 Qe8 18.g3 Rd8 19.Bb6 Rd7 20.Nc4 Qa8 21.Na2 Qa6 22.
Nxb4 axb4 23.b3 Rc8 24.Bc5 Rcd8 25.Bb6 Rxd1 26.Rxd1 Rd7 27.Rd3 Kh7 28.Qe3 
Qa8 29.f3 Qe8 30.Qd2 Rxd3 31.Qxd3 Nh5 32.Kf2 Qe7 33.Qd8 Qf6 34.Qxf6 Nxf6 
35.Nd6 Nd7 36.Be3 b6 37.c3 bxc3 38.b4 c2 39.Ke2 c5 40.b5 Kg8 41.Kd2 Kf8 
42.Kxc2 Ke7 43.Nb7 Ke8 44.Kb3 Ne7 45.a5 bxa5 46.Nxc5 Nb6 47.Nb7 a4+ 48.Kc3
Nec8 49.Bc1 Nd7 50.Kb4 1-0

[Event "20th EUR-ch"]
[Site "Skopje MKD"]
[Date "2019.03.25"]
[Round "7"]
[White "Ozenir, Ekin Baris"]
[Black "Gebigke, Martin"]
[Result "1-0"]
[WhiteElo "2265"]
[BlackElo "2078"]
[EventDate "2019.03.18"]
[Board "153"]
[PlyCount "65"]

1.Nf3 Nf6 2.b3 d5 3.Bb2 c5 4.e3 e6 5.d4 Nc6 6.Nbd2 Bd6 7.Bd3 Qc7 8.c4 O-O 
9.dxc5 Bxc5 10.Bxf6 gxf6 11.cxd5 Nb4 12.Qb1 Nxd5 13.Bxh7+ Kg7 14.Be4 Rd8 
15.Bxd5 Rxd5 16.O-O Bd7 17.Rc1 Qb6 18.Qe4 Rg8 19.Qh4 Rh8 20.Qg3+ Kf8 21.
Ne4 Be7 22.Qb8+ Kg7 23.Qg3+ Kf8 24.Qb8+ Kg7 25.Qf4 e5 26.Qg3+ Kf8 27.Nc3 
Ra5 28.Na4 Qe6 29.Kh1 Bxa4 30.bxa4 Rxa4 31.Nd2 Rah4 32.Nf1 Bd6 33.Rd1 {
70....} 1-0

[Event "20th EUR-ch"]
[Site "Skopje MKD"]
[Date "2019.03.25"]
[Round "7"]
[White "Doncevic, Dario"]
[Black "Peycheva, Gergana"]
[Result "1-0"]
[WhiteElo "2249"]
[BlackElo "2065"]
[EventDate "2019.03.18"]
[Board "154"]
[PlyCount "65"]

1.e4 e6 2.d4 d5 3.Bd3 c5 4.exd5 exd5 5.Nf3 Nc6 6.O-O c4 7.Re1+ Be7 8.Bf1 
Nf6 9.b3 cxb3 10.axb3 O-O 11.Ne5 Bf5 12.Nxc6 bxc6 13.Rxe7 Qxe7 14.Ba3 Qc7 
15.Bxf8 Rxf8 16.Bd3 Ng4 17.g3 Bd7 18.Qd2 c5 19.Nc3 cxd4 20.Nxd5 Qd6 21.Bc4
Be6 22.Qxd4 Rd8 23.Qf4 Bxd5 24.Qxg4 Bb7 25.Qf4 Qc6 26.f3 Qc5+ 27.Kg2 Kh8 
28.Re1 h6 29.Qxf7 Bc6 30.Re7 Qd4 31.Bd3 a5 32.Qf5 Kg8 33.Qe6+ 1-0

[Event "20th EUR-ch"]
[Site "Skopje MKD"]
[Date "2019.03.25"]
[Round "7"]
[White "Dinev, Dejan"]
[Black "Veljanoski, Andrej"]
[Result "1-0"]
[WhiteElo "2239"]
[BlackElo "2063"]
[EventDate "2019.03.18"]
[Board "155"]
[PlyCount "41"]

1.d4 Nf6 2.Nf3 e6 3.e3 c5 4.Bd3 Nc6 5.O-O d5 6.b3 cxd4 7.exd4 Bd6 8.Re1 
Qc7 9.a3 b6 10.Bb2 Bb7 11.Nbd2 Nd7 12.c4 O-O 13.Rc1 Rac8 14.cxd5 exd5 15.
Ne5 Bxe5 16.dxe5 Rfe8 17.Bf5 Rcd8 18.Nf3 Qb8 19.e6 fxe6 20.Bxe6+ Rxe6 21.
Rxe6 1-0

[Event "20th EUR-ch"]
[Site "Skopje MKD"]
[Date "2019.03.25"]
[Round "7"]
[White "Heinemann, Josefine"]
[Black "Angun, Batu"]
[Result "1/2-1/2"]
[WhiteElo "2238"]
[BlackElo "2076"]
[EventDate "2019.03.18"]
[Board "156"]
[PlyCount "41"]

1.e4 c5 2.Nf3 d6 3.d4 cxd4 4.Nxd4 Nf6 5.Nc3 a6 6.f3 e5 7.Nb3 Be6 8.Be3 Nc6
9.Nd5 Bxd5 10.exd5 Ne7 11.c4 g6 12.Be2 Bg7 13.O-O O-O 14.Qd2 Nf5 15.Bf2 e4
16.Nd4 e3 17.Bxe3 Nxe3 18.Qxe3 Re8 19.Qd2 Qb6 20.Kh1 Nxd5 21.cxd5 1/2-1/2

[Event "20th EUR-ch"]
[Site "Skopje MKD"]
[Date "2019.03.25"]
[Round "7"]
[White "Tadic, Stefan"]
[Black "Vetokhin, Savva"]
[Result "1/2-1/2"]
[WhiteElo "2223"]
[BlackElo "2022"]
[EventDate "2019.03.18"]
[Board "157"]
[PlyCount "97"]

1.Nf3 Nf6 2.g3 g6 3.Bg2 Bg7 4.O-O O-O 5.c4 d6 6.d4 Nc6 7.d5 Na5 8.Qa4 c5 
9.Bd2 b6 10.Bc3 Bd7 11.Qc2 Bf5 12.Qc1 Rb8 13.Nbd2 b5 14.b3 e5 15.Ne1 Bc8 
16.Nc2 Ba6 17.Re1 Ne8 18.e4 Bc8 19.f4 f6 20.Ne3 b4 21.Bb2 Nb7 22.Rf1 a5 
23.Qc2 Bd7 24.Rf2 Qe7 25.Raf1 Nc7 26.h4 a4 27.g4 axb3 28.axb3 exf4 29.Rxf4
Bh6 30.R4f3 Bxe3+ 31.Rxe3 Bxg4 32.Bh3 Bxh3 33.Rxh3 Rf7 34.Kh2 Rbf8 35.Nf3 
Ne8 36.h5 gxh5 37.Rxh5 Rg7 38.Nh4 Rg4 39.Nf5 Qxe4 40.Qd2 Kh8 41.Re1 Rg2+ 
42.Qxg2 Qxe1 43.Qg6 Qf2+ 44.Kh3 Qf1+ 45.Kg4 Qe2+ 46.Kf4 Qf2+ 47.Ke4 Qe1+ 
48.Kd3 Qd1+ 49.Ke4 1/2-1/2

[Event "20th EUR-ch"]
[Site "Skopje MKD"]
[Date "2019.03.25"]
[Round "7"]
[White "Van Dael, Siem"]
[Black "Karaoglan, Kivanc"]
[Result "1-0"]
[WhiteElo "2207"]
[BlackElo "1943"]
[EventDate "2019.03.18"]
[Board "158"]
[PlyCount "103"]

1.e4 c5 2.Nf3 d6 3.d4 cxd4 4.Nxd4 Nf6 5.Nc3 Nc6 6.f3 g6 7.Be3 Bg7 8.Qd2 
O-O 9.O-O-O d5 10.Qe1 e5 11.Nxc6 bxc6 12.exd5 cxd5 13.Bg5 Be6 14.Bc4 Qc7 
15.Bxf6 dxc4 16.Bxg7 Kxg7 17.h4 h6 18.h5 g5 19.Nd5 Bxd5 20.Rxd5 Rfe8 21.
Qc3 Rad8 22.Rhd1 Rxd5 23.Rxd5 f6 24.Qd2 Qf7 25.g4 Re7 26.Rd6 e4 27.Qe3 
exf3 28.Qxf3 Rd7 29.Rxd7 Qxd7 30.Qe4 Qf7 31.Qf5 Qe8 32.Kd2 a6 33.Kc3 Qe3+ 
34.Kxc4 Qe2+ 35.Kb4 Qd2+ 36.Kb3 Qe3+ 37.c3 Qb6+ 38.Kc2 Kf7 39.b4 Qc6 40.
Kb2 Qd6 41.Qg6+ Ke6 42.Qe8+ Kd5 43.Qa8+ Kc4 44.Qe4+ Kb5 45.a4+ Kb6 46.Qd4+
Qxd4 47.cxd4 f5 48.gxf5 g4 49.f6 g3 50.f7 g2 51.f8=Q g1=Q 52.Qxh6+ 1-0

[Event "20th EUR-ch"]
[Site "Skopje MKD"]
[Date "2019.03.25"]
[Round "7"]
[White "Janjic, Stefan"]
[Black "Eric, Jovana"]
[Result "0-1"]
[WhiteElo "2086"]
[BlackElo "2205"]
[EventDate "2019.03.18"]
[Board "159"]
[PlyCount "64"]

1.d4 f5 2.g3 Nf6 3.Bg2 e6 4.Nf3 d5 5.c4 c6 6.O-O Bd6 7.b3 Qe7 8.Bb2 O-O 9.
Qc1 b6 10.Ne5 Bb7 11.Nd2 c5 12.Rd1 Nbd7 13.e3 Rac8 14.Qb1 Ba8 15.cxd5 exd5
16.Ndf3 Ne4 17.Nxd7 Qxd7 18.dxc5 bxc5 19.Qd3 Qe7 20.Rdc1 Kh8 21.Rc2 Bb7 
22.Nd2 Rfe8 23.Rac1 Rcd8 24.Bh3 Qg5 25.Nxe4 fxe4 26.Qb5 Ba8 27.Ba3 d4 28.
Bxc5 dxe3 29.fxe3 Re5 30.Kh1 Bxc5 31.Rxc5 Qxe3 32.Rc8 Qxc1+ 0-1

[Event "20th EUR-ch"]
[Site "Skopje MKD"]
[Date "2019.03.25"]
[Round "7"]
[White "Pastar, Slaven"]
[Black "Trisha, Kanyamarala"]
[Result "1-0"]
[WhiteElo "2324"]
[BlackElo "2061"]
[EventDate "2019.03.18"]
[Board "160"]
[PlyCount "69"]

1.Nf3 d5 2.g3 c6 3.Bg2 Bg4 4.O-O Nd7 5.d3 e6 6.Nbd2 Ngf6 7.Re1 Bd6 8.e4 
O-O 9.h3 Bxf3 10.Nxf3 Qc7 11.Qe2 e5 12.Nh4 g6 13.Bh6 Rfe8 14.Qd2 Bf8 15.
Kh2 Bxh6 16.Qxh6 Qb6 17.Qd2 Qxb2 18.Reb1 Qa3 19.exd5 cxd5 20.Rxb7 Nb6 21.
Qg5 Re7 22.Rxb6 axb6 23.Qxf6 Re6 24.Qg5 Qb2 25.Re1 Qd4 26.Nf5 Qc5 27.Re2 
Rae8 28.h4 e4 29.h5 d4 30.Bxe4 Kh8 31.hxg6 fxg6 32.Nh6 Kg7 33.Bd5 Qf8 34.
Rxe6 Rxe6 35.Nf5+ 1-0

[Event "20th EUR-ch"]
[Site "Skopje MKD"]
[Date "2019.03.25"]
[Round "7"]
[White "Pantovic, Dragan M"]
[Black "Jarvenpaa, Jari"]
[Result "0-1"]
[WhiteElo "2063"]
[BlackElo "2243"]
[EventDate "2019.03.18"]
[Board "161"]
[PlyCount "34"]

1.d4 f5 2.Nc3 Nf6 3.Bg5 d5 4.Bxf6 exf6 5.e3 Be6 6.Bd3 c6 7.Qf3 g6 8.Nge2 
Nd7 9.Nf4 Bf7 10.h4 h5 11.Qe2 Bd6 12.a3 Qe7 13.g3 O-O-O 14.Na4 c5 15.dxc5 
Nxc5 16.Nxc5 Bxc5 17.c4 dxc4 0-1

[Event "20th EUR-ch"]
[Site "Skopje MKD"]
[Date "2019.03.25"]
[Round "7"]
[White "Martinov, Levko"]
[Black "Birkholz, Olga"]
[Result "0-1"]
[WhiteElo "2225"]
[BlackElo "2037"]
[EventDate "2019.03.18"]
[Board "162"]
[PlyCount "97"]

1.Nf3 Nf6 2.g3 g6 3.Bg2 Bg7 4.c4 d6 5.d4 O-O 6.O-O Qe8 7.Nc3 a6 8.b3 c5 9.
Bb2 Nbd7 10.e3 Rb8 11.Qe2 e5 12.Rad1 Qe7 13.Rfe1 Re8 14.h3 h6 15.d5 Nf8 
16.e4 b5 17.Qd3 Qb7 18.Rb1 Nh5 19.Kh2 f5 20.Nh4 b4 21.Nd1 Qf7 22.Bc1 Qf6 
23.Qe2 Nf4 24.Qf3 fxe4 25.Rxe4 Nxg2 26.Qxf6 Bxf6 27.Nxg2 Bf5 28.f3 Bxe4 
29.fxe4 h5 30.Nde3 Rb7 31.g4 Rh7 32.gxh5 Rxh5 33.Ng4 Nd7 34.Bd2 Kg7 35.Rf1
Rf8 36.Rf3 Bg5 37.Rxf8 Kxf8 38.Bxg5 Rxg5 39.Nh4 Kg7 40.Nf3 Rh5 41.Nf2 a5 
42.Nd3 Rh8 43.Nb2 Nf6 44.Nd2 Rh4 45.Kg3 Rf4 46.Nd3 Nxe4+ 47.Nxe4 Rxe4 48.
Kf3 Rh4 49.Nf2 0-1

[Event "20th EUR-ch"]
[Site "Skopje MKD"]
[Date "2019.03.25"]
[Round "7"]
[White "Schnabel, Ralf"]
[Black "Dwilewicz, Katarzyna"]
[Result "1/2-1/2"]
[WhiteElo "2205"]
[BlackElo "2040"]
[EventDate "2019.03.18"]
[Board "163"]
[PlyCount "128"]

1.e4 c5 2.Nf3 d6 3.d4 cxd4 4.Nxd4 Nf6 5.Nc3 a6 6.a4 e6 7.Be2 Be7 8.O-O O-O
9.f4 Qc7 10.Kh1 Nc6 11.Be3 Rb8 12.Qe1 b6 13.Qg3 Bb7 14.Rae1 Kh8 15.Bf3 Nd7
16.Rd1 Na5 17.f5 e5 18.Nde2 Nc4 19.Bc1 Nf6 20.Rd3 Bc6 21.Qf2 Qb7 22.Ng3 b5
23.axb5 axb5 24.Rfd1 Ra8 25.b3 Nb6 26.Be3 Nbd7 27.b4 Ra3 28.h3 h6 29.Kh2 
Rfa8 30.Qe1 Nb6 31.Bxb6 Qxb6 32.Nf1 Qb7 33.Nd2 d5 34.exd5 Nxd5 35.Bxd5 
Bxd5 36.Ndb1 Bxg2 37.Nxa3 Rxa3 38.Qxe5 Bxb4 39.Qxb5 Rxc3 40.Qe8+ Kh7 41.
Rxc3 Bxc3 42.Rd8 Be5+ 43.Qxe5 Bxh3 44.Qd5 Qxd5 45.Rxd5 Bf1 46.Rd7 Kg8 47.
Kg3 Kf8 48.Kf4 f6 49.Rc7 h5 50.c4 h4 51.c5 h3 52.Rc8+ Ke7 53.Rc7+ Kf8 54.
Rc8+ Ke7 55.Rg8 Kf7 56.Rh8 Bg2 57.Kg3 g6 58.fxg6+ Kxg6 59.Rh4 Kf7 60.Rc4 
Ke7 61.Rd4 Ke6 62.Rd2 Ke7 63.Rd6 Bf1 64.Kh2 Bg2 1/2-1/2

[Event "20th EUR-ch"]
[Site "Skopje MKD"]
[Date "2019.03.25"]
[Round "7"]
[White "Ongut, Tamas Gunes"]
[Black "Velkovski, Kristijan"]
[Result "1/2-1/2"]
[WhiteElo "2197"]
[BlackElo "2003"]
[EventDate "2019.03.18"]
[Board "164"]
[PlyCount "73"]

1.g3 e5 2.Bg2 d5 3.d3 Nc6 4.Nf3 Nf6 5.O-O Bd6 6.c3 Be6 7.b4 h6 8.Nbd2 O-O 
9.Bb2 Re8 10.Qc2 Qd7 11.Rad1 Rad8 12.Nb3 Bh3 13.b5 Ne7 14.c4 Bxg2 15.Kxg2 
Ng6 16.cxd5 Nxd5 17.a4 Qg4 18.Kh1 Nf6 19.Qc4 Qh3 20.Ng1 Qh5 21.h4 Qf5 22.
Kg2 Nd7 23.Qe4 Qe6 24.Qc4 Qf5 25.Qe4 Qe6 26.Nd2 Ne7 27.Qc4 Qxc4 28.Nxc4 a6
29.Nxd6 cxd6 30.Rfe1 Nf6 31.d4 exd4 32.bxa6 bxa6 33.Bxd4 Nf5 34.e3 Nxd4 
35.Rxd4 Re4 36.Ne2 Rxd4 37.Nxd4 1/2-1/2

[Event "20th EUR-ch"]
[Site "Skopje MKD"]
[Date "2019.03.25"]
[Round "7"]
[White "Kacakovski, Dimitar"]
[Black "Chigaeva, Anastasia"]
[Result "1-0"]
[WhiteElo "2043"]
[BlackElo "2167"]
[EventDate "2019.03.18"]
[Board "165"]
[PlyCount "59"]

1.e4 e6 2.d4 d5 3.Nc3 Nf6 4.e5 Nfd7 5.f4 c5 6.Nf3 Qb6 7.Na4 Qa5+ 8.c3 cxd4
9.b4 Qc7 10.Nxd4 a6 11.Bd2 b5 12.Nb2 Nc6 13.a4 bxa4 14.Nxc6 Qxc6 15.Qxa4 
Qb6 16.Nd1 Bb7 17.Be3 Qc7 18.Bd4 Be7 19.Bd3 O-O 20.Qc2 h6 21.O-O f6 22.Qe2
f5 23.g4 g6 24.gxf5 gxf5 25.Qh5 Kh7 26.Ne3 Rg8+ 27.Kf2 Rae8 28.Rg1 Qd8 29.
Rxg8 Bh4+ 30.Rg3 1-0

[Event "20th EUR-ch"]
[Site "Skopje MKD"]
[Date "2019.03.25"]
[Round "7"]
[White "Roch, Florian"]
[Black "Lahav, Michal"]
[Result "0-1"]
[WhiteElo "1916"]
[BlackElo "2158"]
[EventDate "2019.03.18"]
[Board "166"]
[PlyCount "53"]

1.e4 e6 2.d4 d5 3.Nc3 Bb4 4.e5 c5 5.a3 Bxc3+ 6.bxc3 Qa5 7.Bd2 Qa4 8.Qb1 c4
9.Nf3 Nc6 10.Be2 b6 11.O-O Bd7 12.h3 O-O-O 13.Ra2 Re8 14.Rb2 Kb7 15.Qa2 
Ka8 16.Rfb1 h6 17.Be3 Nge7 18.Nd2 Nf5 19.Bf3 Nfe7 20.Kf1 Bc8 21.Be2 Bb7 
22.Ke1 Ba6 23.Bf3 f6 24.Rb4 Nxb4 25.Rxb4 Qd7 26.Nxc4 Bxc4 27.Qxc4 0-1

[Event "20th EUR-ch"]
[Site "Skopje MKD"]
[Date "2019.03.25"]
[Round "7"]
[White "Filip, Andrei"]
[Black "Sekelja, Marko"]
[Result "1/2-1/2"]
[WhiteElo "1894"]
[BlackElo "2120"]
[EventDate "2019.03.18"]
[Board "167"]
[PlyCount "75"]

1.e4 c6 2.d4 d5 3.Nd2 dxe4 4.Nxe4 Nf6 5.Nxf6+ exf6 6.c3 Bd6 7.Bd3 O-O 8.
Qc2 h6 9.Ne2 Re8 10.O-O Qc7 11.Ng3 Nd7 12.Bd2 Nf8 13.c4 Ne6 14.Rfe1 Bd7 
15.Bc3 Nf4 16.Be4 g6 17.h3 f5 18.Bf3 Ne6 19.Nf1 Ng5 20.Nd2 Bf4 21.Qd3 f6 
22.h4 Nh7 23.Nb3 Rad8 24.Qc2 Be6 25.d5 Bf7 26.dxc6 Bh2+ 27.Kh1 Qf4 28.
Rxe8+ Rxe8 29.Re1 Rxe1+ 30.Bxe1 Qxh4 31.Bd5 bxc6 32.Bxf7+ Kxf7 33.Qd3 Be5+
34.Kg1 Qh2+ 35.Kf1 Qh1+ 36.Ke2 Qxg2 37.Qd7+ Kg8 38.Qe6+ 1/2-1/2

[Event "20th EUR-ch"]
[Site "Skopje MKD"]
[Date "2019.03.25"]
[Round "7"]
[White "Miftari, Hedon"]
[Black "Miloi, Pavel-Dan"]
[Result "0-1"]
[WhiteElo "1527"]
[BlackElo "2119"]
[EventDate "2019.03.18"]
[Board "168"]
[PlyCount "112"]

1.e4 c5 2.Nf3 Nc6 3.d4 cxd4 4.Nxd4 Nf6 5.Nc3 d6 6.Bg5 e6 7.Qd2 a6 8.O-O-O 
Be7 9.f4 Qc7 10.Kb1 Bd7 11.Be2 b5 12.Bxf6 gxf6 13.a3 Rb8 14.f5 Nxd4 15.
Qxd4 Qc5 16.Qxc5 dxc5 17.g4 Bc6 18.Bf3 Rd8 19.Rxd8+ Bxd8 20.Ne2 Bc7 21.Ng3
Ke7 22.Kc1 Rd8 23.Rd1 Bf4+ 24.Kb1 Rxd1+ 25.Bxd1 Bxg3 26.hxg3 Bxe4 27.fxe6 
fxe6 28.Kc1 Kf7 29.Kd2 Kg6 30.Ke3 Bd5 31.c3 Kg5 32.b4 cxb4 33.cxb4 e5 34.
Be2 h6 35.Bd1 Bc6 36.Be2 Bb7 37.Bd1 Bg2 38.Be2 Bd5 39.Bd1 Be6 40.Bf3 Bc8 
41.Kf2 Bxg4 42.Bb7 Bd7 43.Bxa6 Bc6 44.Bc8 h5 45.Bh3 f5 46.Bf1 h4 47.gxh4+ 
Kxh4 48.Be2 f4 49.Bf1 e4 50.Be2 e3+ 51.Ke1 Kg3 52.Bd3 f3 53.Bf1 Kf4 54.Bd3
Ke5 55.Kd1 Kd4 56.Kc2 Be4 0-1

[Event "20th EUR-ch"]
[Site "Skopje MKD"]
[Date "2019.03.25"]
[Round "7"]
[White "Aydincelebi, Kagan"]
[Black "Kocyigit, Buse Naz"]
[Result "1-0"]
[WhiteElo "2115"]
[BlackElo "1973"]
[EventDate "2019.03.18"]
[Board "169"]
[PlyCount "55"]

1.e4 c5 2.Nf3 d6 3.Bb5+ Nd7 4.a4 a6 5.Bxd7+ Bxd7 6.a5 Nf6 7.Nc3 Bc6 8.d3 
e6 9.O-O Be7 10.e5 Ng4 11.Bf4 h5 12.h3 g5 13.Bg3 Nxe5 14.Bxe5 dxe5 15.Nxe5
Qc7 16.Qe2 Bd6 17.Nxc6 Qxc6 18.Ne4 Be7 19.f4 g4 20.hxg4 hxg4 21.Qxg4 f5 
22.Qg7 Kd7 23.Nf6+ Kd6 24.Rae1 Qc8 25.Nd5 Kxd5 26.Qxe7 Re8 27.Re5+ Kd4 28.
Qd6# 1-0

[Event "20th EUR-ch"]
[Site "Skopje MKD"]
[Date "2019.03.25"]
[Round "7"]
[White "Ivanova, Karina"]
[Black "Markovski, Velo"]
[Result "1-0"]
[WhiteElo "2114"]
[BlackElo "1935"]
[EventDate "2019.03.18"]
[Board "171"]
[PlyCount "89"]

1.d4 e6 2.Nf3 b6 3.g3 Bb7 4.Bg2 f5 5.O-O Nf6 6.c4 Nc6 7.Nc3 Bb4 8.Qd3 Bxc3
9.Qxc3 O-O 10.Nd2 Na5 11.b4 Bxg2 12.Kxg2 Nb7 13.Bb2 Qe8 14.f3 Qg6 15.Qd3 
Nd6 16.d5 Nh5 17.Kh1 Rae8 18.Rae1 e5 19.e4 Rf6 20.Rg1 fxe4 21.fxe4 Rf2 22.
Re2 Rxe2 23.Qxe2 Nf6 24.Re1 Nf7 25.Nf3 d6 26.Bc1 Qg4 27.Bd2 h6 28.Kg2 Qd7 
29.Qd3 Rf8 30.Qc2 Kh7 31.h3 Nh8 32.c5 Ng6 33.cxd6 cxd6 34.Rc1 Qb5 35.Be1 
Ne7 36.a4 Qe8 37.Bd2 Qg6 38.Re1 Nexd5 39.Nh4 Nf4+ 40.Bxf4 Qh5 41.Be3 Qf7 
42.Nf3 Nh5 43.Rf1 Qb7 44.Qd3 Rf6 45.Nd2 1-0

[Event "20th EUR-ch"]
[Site "Skopje MKD"]
[Date "2019.03.25"]
[Round "7"]
[White "Konstantinov, Aleksandar"]
[Black "Hart, Alexander"]
[Result "1-0"]
[WhiteElo "2079"]
[BlackElo "1885"]
[EventDate "2019.03.18"]
[Board "172"]
[PlyCount "105"]

1.d4 d5 2.c4 c6 3.cxd5 cxd5 4.Bf4 Nc6 5.e3 Nf6 6.Nc3 Bg4 7.Qb3 Na5 8.Qa4+ 
Bd7 9.Qc2 e6 10.Bd3 Nh5 11.Be5 Nc6 12.Nf3 f6 13.Bxh7 Ne7 14.Bd6 f5 15.Bxe7
Kxe7 16.Bg6 Nf6 17.Ne5 Rh6 18.Qb3 Qb6 19.Qa3+ Qd6 20.Qxd6+ Kxd6 21.Nf7+ 
Kc7 22.Nxh6 gxh6 23.g4 Bb4 24.Ke2 fxg4 25.Rac1 Kb6 26.a3 Bd6 27.Bc2 Rg8 
28.Ba4 Bc8 29.Rcg1 h5 30.h3 g3 31.fxg3 Bxg3 32.h4 e5 33.Rf1 Bg4+ 34.Kd2 
Ne4+ 35.Nxe4 dxe4 36.Bd1 exd4 37.exd4 Bxd1 38.Rxd1 Bf2 39.Ke2 e3 40.d5 Kc7
41.d6+ Kd7 42.Rh3 Rg2 43.Rf3 Bg1+ 44.Ke1 Bf2+ 45.Kf1 Rh2 46.Rf7+ Ke6 47.
Re7+ Kf6 48.Re4 Kf5 49.Re8 Bxh4 50.Rxe3 Kf4 51.Rb3 b6 52.Kg1 Rc2 53.Rb4+ 
1-0

[Event "20th EUR-ch"]
[Site "Skopje MKD"]
[Date "2019.03.25"]
[Round "7"]
[White "Huttl, Sofie"]
[Black "Bejatovic, Bojana"]
[Result "1/2-1/2"]
[WhiteElo "1741"]
[BlackElo "2058"]
[EventDate "2019.03.18"]
[Board "173"]
[PlyCount "85"]

1.e4 c5 2.Nf3 e6 3.d4 cxd4 4.Nxd4 Nf6 5.Nc3 Nc6 6.Ndb5 Bb4 7.a3 Bxc3+ 8.
Nxc3 d5 9.exd5 exd5 10.Be2 d4 11.Na2 O-O 12.O-O a5 13.Bf4 Nd5 14.Bg3 f5 
15.Bc4 Be6 16.Bxd5 Bxd5 17.f4 Qb6 18.b3 Rad8 19.Bf2 Qc7 20.Qd2 Be4 21.Nc1 
Qd6 22.Nd3 Qg6 23.Bg3 Ne7 24.Bh4 Rfe8 25.Rf2 Qb6 26.b4 axb4 27.Qxb4 Qxb4 
28.axb4 Rc8 29.Bxe7 Rxe7 30.Ra5 Bxd3 31.cxd3 g6 32.Rd5 Rc1+ 33.Rf1 Rc2 34.
Rxd4 Ree2 35.Ra1 Rxg2+ 36.Kh1 Rxh2+ 37.Kg1 Rcg2+ 38.Kf1 Rb2 39.Kg1 Rhg2+ 
40.Kh1 Rge2 41.Rd7 Rh2+ 42.Kg1 Rhg2+ 43.Kh1 1/2-1/2

[Event "20th EUR-ch"]
[Site "Skopje MKD"]
[Date "2019.03.25"]
[Round "7"]
[White "Krstev, Emil"]
[Black "Batkoski, Nenad"]
[Result "0-1"]
[WhiteElo "2050"]
[BlackElo "1846"]
[EventDate "2019.03.18"]
[Board "174"]
[PlyCount "92"]

1.d4 e6 2.e4 d5 3.exd5 exd5 4.Nf3 Bd6 5.c4 dxc4 6.Bxc4 Nf6 7.Qe2+ Qe7 8.
Qxe7+ Bxe7 9.O-O O-O 10.Re1 Bb4 11.Nc3 Bg4 12.Ne5 Bh5 13.Bg5 Nbd7 14.Nd3 
Ba5 15.b4 Bb6 16.Nc5 Rfe8 17.Be3 a5 18.b5 Bxc5 19.dxc5 Ne5 20.Bf1 c6 21.f3
Rad8 22.Bg5 Bg6 23.Bxf6 gxf6 24.Ne4 Bxe4 25.Rxe4 Kf8 26.Rh4 Kg7 27.Ra4 Rd5
28.Rxa5 Rxc5 29.Ra7 Re7 30.a4 cxb5 31.axb5 Rd7 32.f4 Ng4 33.R7a3 f5 34.Rg3
Kf8 35.h3 Nf6 36.Re3 Nh5 37.Re5 Rdd5 38.Ra8+ Kg7 39.Rb8 Ng3 40.Rxb7 Rxe5 
41.fxe5 Rc1 42.e6 Rxf1+ 43.Kh2 f4 44.Rxf7+ Kg8 45.Rxf4 Rxf4 46.Kxg3 Rb4 
0-1

[Event "20th EUR-ch"]
[Site "Skopje MKD"]
[Date "2019.03.25"]
[Round "7"]
[White "Petrovic, Lazar"]
[Black "Andolfatto, Maria"]
[Result "0-1"]
[WhiteElo "1690"]
[BlackElo "2033"]
[EventDate "2019.03.18"]
[Board "175"]
[PlyCount "68"]

1.d4 Nf6 2.Nf3 g6 3.Bf4 Bg7 4.e3 O-O 5.h3 d6 6.Nbd2 Nbd7 7.e4 c5 8.c3 Re8 
9.e5 Nd5 10.Bh2 cxd4 11.cxd4 N7b6 12.Bb5 Bd7 13.Bxd7 Qxd7 14.O-O Rac8 15.
Ne4 dxe5 16.dxe5 Bh6 17.Re1 Qa4 18.Qxa4 Nxa4 19.Re2 Nb4 20.b3 Nc3 21.Nxc3 
Rxc3 22.Nd4 Rd8 23.Nb5 Rc5 24.a4 a6 25.Na3 Rc3 26.Rb1 Bc1 27.Bf4 Bxa3 28.
Ra1 Bc1 29.Rxc1 Rxc1+ 30.Bxc1 Rd1+ 31.Kh2 Rxc1 32.e6 fxe6 33.Rxe6 Nc6 34.
Re1 Rxe1 0-1

[Event "20th EUR-ch"]
[Site "Skopje MKD"]
[Date "2019.03.25"]
[Round "7"]
[White "Hadzi-Manev, Ljubomir"]
[Black "Taleski, Vaso"]
[Result "1-0"]
[WhiteElo "2030"]
[BlackElo "1677"]
[EventDate "2019.03.18"]
[Board "176"]
[PlyCount "75"]

1.d4 d5 2.Bf4 Bf5 3.e3 e6 4.c4 Bb4+ 5.Nc3 Ne7 6.Qb3 Bxc3+ 7.Qxc3 O-O 8.Nf3
Nd7 9.Be2 dxc4 10.Qxc4 Nd5 11.Bg5 f6 12.Bh4 Be4 13.Ne5 N7b6 14.Qb3 Bg6 15.
a4 a5 16.O-O Bf7 17.Nc4 Nxc4 18.Bxc4 Qc8 19.Rac1 Nb6 20.Bd3 Qd7 21.Qc2 g5 
22.Bg3 h5 23.Qxc7 Qxc7 24.Rxc7 e5 25.h4 exd4 26.hxg5 fxg5 27.Be5 Nd5 28.
Rxb7 dxe3 29.fxe3 Nxe3 30.Rf3 Ng4 31.Bc3 Rac8 32.Rf5 Rfd8 33.Rxg5+ Kf8 34.
Bg7+ Kg8 35.Bf6+ Kf8 36.Be7+ Ke8 37.Bb5+ Rd7 38.Bxd7+ 1-0